A touch of wonder : (Record no. 4047)

MARC details
000 -LEADER
fixed length control field 00685pam a2200229 i 4500
001 - CONTROL NUMBER
control field 1261749
003 - CONTROL NUMBER IDENTIFIER
control field GBCCL
005 - DATE AND TIME OF LATEST TRANSACTION
control field 20241126110509.0
008 - FIXED-LENGTH DATA ELEMENTS--GENERAL INFORMATION
fixed length control field 741011s1974 nju 000 0 eng
010 ## -
-- 74023794
020 ## - INTERNATIONAL STANDARD BOOK NUMBER
International Standard Book Number 0800706951 :
Terms of availability $6.95
040 ## - CATALOGING SOURCE
Original cataloging agency DLC
Transcribing agency DLC
Modifying agency DLC
050 00 -
-- BV4832.2
-- .G63
082 00 - DEWEY DECIMAL CLASSIFICATION NUMBER
Classification number 242
Item number GOR
100 1# - MAIN ENTRY--PERSONAL NAME
Personal name Gordon, Arthur,
Dates associated with a name 1912-2002.
9 (RLIN) 7797
245 12 - TITLE STATEMENT
Title A touch of wonder :
Remainder of title a book to help people stay in love with life /
Statement of responsibility, etc. Arthur Gordon.
260 ## - PUBLICATION, DISTRIBUTION, ETC.
Place of publication, distribution, etc. Old Tappan, N.J. :
Name of publisher, distributor, etc. F. H. Revell Co.,
Date of publication, distribution, etc. [1974]
300 ## - PHYSICAL DESCRIPTION
Extent 251 p. ;
Dimensions 21 cm.
650 #0 - SUBJECT ADDED ENTRY--TOPICAL TERM
Topical term or geographic name entry element Meditations.
9 (RLIN) 1412
906 ## - LOCAL DATA ELEMENT F, LDF (RLIN)
a 7
b cbc
c orignew
d 1
e ocip
f 19
g y-gencatlg
942 ## - ADDED ENTRY ELEMENTS (KOHA)
Source of classification or shelving scheme Dewey Decimal Classification
Koha item type Books
Holdings
Withdrawn status Lost status Source of classification or shelving scheme Damaged status Not for loan Home library Current Library Shelving location Date acquired Total checkouts Full call number Barcode Date last seen Copy number Price effective from Koha item type
    Dewey Decimal Classification     GRACE BIBLE COLLEGE GRACE BIBLE COLLEGE Ministry & Mission 2018-01-10   242 GOR 006912 2025-05-01 c.1 2018-01-10 Books
    Dewey Decimal Classification     GRACE BIBLE COLLEGE GRACE BIBLE COLLEGE Ministry & Mission 2018-01-10   242 GOR 008741 2025-05-01 c.2 2018-01-10 Books
© Grace Bible College Library 2025